000 00701nam a22002411 4500
001 9775
003 BD-RjUL
005 20211208234833.0
008 140121s1962 enka b 000 0 eng
035 _a(BD-RjUL)9820
040 _aDLC/ICU
_cICU
_dDLC
_dBD-RjUL
_beng
041 _aeng
082 0 0 _a548.5
_bGRM 1962
100 1 _aGray, G. W.
_930217
245 1 0 _aMolecular structure and the properties of liquid crystals /
_bG. W. Gray.
260 _aLondon ;
_aNew York :
_bAcademic Press,
_c1962.
300 _a314 p. :
_bill. ;
_c24 cm.
504 _aIncludes bibliography.
650 0 _aLiquid crystals.
_930218
650 0 _aMolecular structure.
_928116
942 _2ddc
_cBK
999 _c9775
_d9775